000 00792nam a2200229Ia 4500
001 9534
003 GE_BSU
008 181216s||||||||xx |||||||||||||| ||und||
040 _cGE_BSU
080 _a821.353.1-1
100 _aმარკოზია,გიორგი
245 _aაპრილი ატმის რტოებზე
245 _bლექსები
245 _cრედ.სოლომონ დემურხანაშვილი.მხატვრ.ოთარ ჯიშკარიანი
260 _aთბილისი
260 _bმერანი
260 _c1971
300 _a55გვ.1ფ.პორტრ.
653 _aაპრილი ატმის რტოებზე
653 _aლექსები
942 _cBK
999 _c42828
_d42828